An adventure : (Record no. 171173)

MARC details
000 -LEADER
fixed length control field 00817nam a22002417a 4500
003 - CONTROL NUMBER IDENTIFIER
control field OSt
005 - DATE AND TIME OF LATEST TRANSACTION
control field 20250123104907.0
008 - FIXED-LENGTH DATA ELEMENTS--GENERAL INFORMATION
fixed length control field 250123b |||||||| |||| 00| 0 eng d
020 ## - INTERNATIONAL STANDARD BOOK NUMBER
International Standard Book Number VPT0000096050 (hardcover)
040 ## - CATALOGING SOURCE
Original cataloging agency NUST
Language of cataloging eng
Transcribing agency NUST
Modifying agency NUST
Description conventions rda
050 ## - LIBRARY OF CONGRESS CALL NUMBER
Classification number TL1500 ZHA
100 ## - MAIN ENTRY--PERSONAL NAME
Personal name Zhang, Chengmin
Relator term Author
245 ## - TITLE STATEMENT
Title An adventure :
Remainder of title weightlessness phenomena and life on space station /
Statement of responsibility, etc. Chengmin Zhang
260 ## - PUBLICATION, DISTRIBUTION, ETC.
Place of publication, distribution, etc. Singapore :
Name of publisher, distributor, etc. Springer,
Date of publication, distribution, etc. 2023.
300 ## - PHYSICAL DESCRIPTION
Extent viii, 91 pages :
Other physical details illustrations (chiefly color)
Dimensions 24 cm.
336 ## - CONTENT TYPE
Source rdamedia
Content type term text
Content type code txt
337 ## - MEDIA TYPE
Source rdamedia
Media type term unmediated
Media type code n
338 ## - CARRIER TYPE
Source rdamedia
Carrier type term volume
Carrier type code nc
650 ## - SUBJECT ADDED ENTRY--TOPICAL TERM
Form subdivision Astronautics -- Human factors.
650 ## - SUBJECT ADDED ENTRY--TOPICAL TERM
Form subdivision Weightlessness.
650 ## - SUBJECT ADDED ENTRY--TOPICAL TERM
Form subdivision Space stations.
942 ## - ADDED ENTRY ELEMENTS (KOHA)
Source of classification or shelving scheme Library of Congress Classification
Koha item type Ordinary Loan Books
Classification part TL1500 ZHA
Call number prefix TL
Call number suffix ZHA
Suppress in OPAC No
Holdings
Withdrawn status Lost status Source of classification or shelving scheme Damaged status Not for loan Collection Home library Current library Shelving location Date acquired Source of acquisition Cost, normal purchase price Total Checkouts Full call number Barcode Date last seen Accession number Cost, replacement price Price effective from Koha item type Public note
    LCC     NFIC MAIN MAIN GEN 01/23/2025 Book Aid International 32.36   TL797 ZHA 92004055838 01/23/2025 61666 32.36 01/23/2025 BOOKS Donation